000 nam a22 7a 4500
999 _c30344
_d30344
008 190516b xxu||||| |||| 00| 0 eng d
020 _a9966974350
040 _amksu
050 _aJQ 2947
_b.A58N52 2007
100 _a Njogu, Kimani.
245 _aGovernance and development :
_btowards quality leadership in Kenya /
_cKimani,Njogu.
260 _aNairobi,Kenya :
_bTwaweza Communications,
_c2007.
300 _axvi,242p. ;
_c21cm.
500 _ainclude index.
504 _ainclude bibliographic reference.
650 _aPolitical leadership.
650 _aEconomic policy.
650 _aPolitical science.
942 _2lcc
_cBOOKS
_hJQ 2947 ..A58N52 2007